Statistics for 2023 Richmond Tigers AFL Team Quiz

Click here to take the quiz!

General Stats

  • This quiz has been taken 11 times
  • The average score is 38 of 54

Answer Stats

No.Player Name% Correct
17Daniel Rioli
100%
4Dustin Martin
100%
2Dylan Grimes
100%
20Ivan Soldo
100%
5Jack Ross
100%
15Jayden Short
100%
10Maurice Rioli
100%
35Nathan Broad
100%
21Noah Balta
100%
25Toby Nankervis
100%
19Tom Lynch
100%
9Trent Cotchin
100%
3Dion Prestia
90%
34Jack Graham
90%
8Jack Riewoldt
90%
22Jacob Hopper
90%
28Josh Gibcus
90%
1Nick Vlastuin
90%
6Robbie Tarrant
90%
29Shai Bolton
90%
13Hugo Ralphsmith
80%
7Liam Baker
80%
26Matthew Coulthard
80%
41Sam Banks
80%
27Thomson Dow
80%
14Tim Taranto
80%
30Tom Brown
80%
46Ben Miller
70%
36James Trezise
70%
11Jason Castagna
70%
33Kamdyn McIntosh
70%
50Marlion Pickett
70%
38Noah Cumberland
70%
32Samson Ryan
70%
Senior Coach (left mid season)Damien Hardwick
60%
42Judson Clarke
60%
48Steely Green
60%
40Tyler Sonsie
60%
Forwards CoachXavier Clarke
60%
47Bigoa Nyuon
50%
43Jacob Bauer
50%
49Kaleb Smith
50%
39Mate Colina
50%
Interim Senior CoachAndrew McQualter
40%
37Kaelan Bradtke
40%
44Seth Campbell
40%
VFL head coachSteve Morris
40%
Defense CoachBen Rutten
30%
Midfield CoachKane Lambert
30%
45Tyler Young
30%
Forward Coach and Ball MovementDavid Teague
20%
Ruck CoachIvan Maric
20%
31Rhyan Mansall
20%
Development CoachSam Lonergan
10%

Score Distribution

Percentile by Number Answered

Percent of People with Each Score

Your Score History

You have not taken this quiz